The influence of mass media on current use of contraception in rural Bangladesh (Record no. 51527)

000 -LEADER
fixed length control field 00592pab a2200205 454500
008 - FIXED-LENGTH DATA ELEMENTS--GENERAL INFORMATION
fixed length control field 180718b2001 xxu||||| |||| 00| 0 eng d
100 ## - MAIN ENTRY--PERSONAL NAME
Personal name Islam, M. Amirul
245 ## - TITLE STATEMENT
Title The influence of mass media on current use of contraception in rural Bangladesh
260 ## - PUBLICATION, DISTRIBUTION, ETC.
Date of publication, distribution, etc. 2001
300 ## - PHYSICAL DESCRIPTION
Extent p.101-14
650 ## - SUBJECT ADDED ENTRY--TOPICAL TERM
Topical term or geographic name entry element Family planning - Bangladesh
650 ## - SUBJECT ADDED ENTRY--TOPICAL TERM
Topical term or geographic name entry element Birth control - Bangladesh
650 ## - SUBJECT ADDED ENTRY--TOPICAL TERM
Topical term or geographic name entry element Contraception - Bangladesh
650 ## - SUBJECT ADDED ENTRY--TOPICAL TERM
Topical term or geographic name entry element Mass media - Bangladesh
650 ## - SUBJECT ADDED ENTRY--TOPICAL TERM
Topical term or geographic name entry element Birth control
700 ## - ADDED ENTRY--PERSONAL NAME
Personal name Salam, M.A.
700 ## - ADDED ENTRY--PERSONAL NAME
Personal name Kabir, M.
773 ## - HOST ITEM ENTRY
Main entry heading Demography India
909 ## -
-- 51527
Holdings
Withdrawn status Lost status Damaged status Not for loan Permanent Location Current Location Date acquired Serial Enumeration / chronology Barcode Date last seen Price effective from Koha item type
        Indian Institute of Public Administration Indian Institute of Public Administration 2018-07-19 Volume no: 30, Issue no: 1 AR51955 2018-07-19 2018-07-19 Articles

Powered by Koha